Fastenings for seismic retrofitting: State of the art report (Record no. 19506)

MARC details
000 -LEADER
fixed length control field 00492nam a2200169Ia 4500
008 - FIXED-LENGTH DATA ELEMENTS--GENERAL INFORMATION
fixed length control field 230917s9999||||xx |||||||||||||| ||und||
020 ## - ISBN
Price GBP41
040 ## - CATALOGING SOURCE
-- 235310
Original cataloging agency VIVEKANANDA LIBRARY
041 ## - Language
-- English
082 ## - DDC NUMBER
Classification number 624.1762 C735F
100 ## - MAIN ENTRY--PERSONAL NAME
Personal name Comite Euro-Internationsl Du Beton
245 #0 - TITLE STATEMENT
Title Fastenings for seismic retrofitting: State of the art report
260 ## - PUBLICATION, DISTRIBUTION, ETC. (IMPRINT)
Place of publication, distribution, etc London
Name of publisher, distributor, etc Thome telford
Date of publication, distribution, etc 1997
300 ## - PHYSICAL DESCRIPTION
Pages 38 p.
500 ## - GENERAL NOTE
General note 2419 14/10/2016 IBS16/450 17/10/2016 Main Budget
942 ## - ADDED ENTRY ELEMENTS (KOHA)
Koha item type Books
Holdings
Withdrawn status Lost status Damaged status Not for loan Location (home branch) Sublocation or collection (holding branch) Shelving location Date acquired Koha issues (times borrowed) Koha full call number Accession No. Koha date last seen Koha item type
        VIVEKANANDA LIBRARY VIVEKANANDA LIBRARY UIET Library 22/11/2016   624.1762 C735F 359006 17/09/2023 Books
        VIVEKANANDA LIBRARY VIVEKANANDA LIBRARY UIET Library 22/11/2016   624.1762 C735F 359007 17/09/2023 Books
        VIVEKANANDA LIBRARY VIVEKANANDA LIBRARY UIET Library 22/11/2016   624.1762 C735F 359008 17/09/2023 Books
        VIVEKANANDA LIBRARY VIVEKANANDA LIBRARY UIET Library 22/11/2016   624.1762 C735F 359009 17/09/2023 Books
        VIVEKANANDA LIBRARY VIVEKANANDA LIBRARY UIET Library 22/11/2016   624.1762 C735F 359010 17/09/2023 Books
© Designed and Maintained by Vivekananda Library, MDU Rohtak